000
00250nam a2200097Ia 4500
001
734400
005
20250826163833.0
008
250824s9999 xx 000 0 und d
245
0
_a
ABDÜLHAMİD İN DERİN DEVLETİ
_c
METİN HASIRCI
260
_b
YEDİVEREN
999
_c
734400
_d
734400